| 000 | 01117cab a2200253 4500 | ||
|---|---|---|---|
| 001 | WB2902-03 | ||
| 008 | 090401t1993 xxu||||| |||| 00| 0 eng d | ||
| 035 | _a(Sirsi) u25356 | ||
| 041 | _aeng | ||
| 245 | _aBanking | ||
| 260 | _c1993 | ||
| 350 | _a0 | ||
| 490 |
_aContract Journal _v366(5907) 14 January 1993, 1 |
||
| 490 |
_aConstruction News _v(6297) 14 January 1993, 2 |
||
| 490 |
_aFinancial Times _v16 January 1993, 5(3) |
||
| 520 | _aBanks and lending institutions are telling construction companies to cut back on staff pay, if they want loan facilities to be maintained. The move comes in the wake of Costain staff being forced to take a 5% pay cut after National Westminster demanded a further £11m be removed from overheads. Builders are launching a campaign to persuade banks and building societies not to drive more firms out of business as the industry starts to come out of the recession. | ||
| 650 | _aBUILDING SOCIETIES | ||
| 650 | _aCONSTRUCTION COMPANIES | ||
| 650 | _aFINANCIAL INSTITUTIONS | ||
| 650 | _aLOANS | ||
| 690 | _aBUILT ENVIRONMENT | ||
| 942 | _n0 | ||
| 948 | _c04/03/1997 | ||
| 999 |
_c17023 _d17023 |
||